e-Commerce (Registro nro. 23255)

Detalles MARC
000 -LEADER
fixed length control field 00353 a2200109 4500
001 - CONTROL NUMBER
control field ART_8075
005 - DATE AND TIME OF LATEST TRANSACTION
control field 20260410161831.0
008 - FIXED-LENGTH DATA ELEMENTS--GENERAL INFORMATION
fixed length control field 260409a
100 1# - MAIN ENTRY--PERSONAL NAME
Personal name Campos Granados, José Antonio
245 10 - TITLE STATEMENT
Title e-Commerce
773 0# - HOST ITEM ENTRY
Title Boletín de estudios económicos
Related parts Nuevas tendecnias en marketing - Año 55, Nº 171 (dic. 2000)
Record control number REV5142

No hay ítems disponibles.